000 00646cam a2200145 4500500
005 20260426010548.0
041 _afre
042 _adc
100 1 0 _aCottin, Jérôme
_eauthor
245 0 0 _aGeorges Rouault, André Suarès, Passion. Eaux fortes originales et bois dessinés, Paris, Cerf, 2005. 30 cm. 153 p. dont 16 planches couleur pleine page. ISBN 2-204-07397-0. € 39
260 _c2005.
500 _a10
786 0 _nÉtudes théologiques et religieuses | 80 | 3 | 2005-09-01 | p. 431k-441k | 0014-2239
856 4 1 _uhttps://shs.cairn.info/revue-etudes-theologiques-et-religieuses-2005-3-page-431k?lang=fr&redirect-ssocas=7080
999 _c2222523
_d2222523